Ecos

Salvato in:
Dettagli Bibliografici
Natura: Libro
Lingua:Spanish
Pubblicazione: Santo Domingo, República Dominicana: Órgano del Instituto de Historia de la Universidad Autónoma de Santo Domingo, 1993-
Tags: Aggiungi Tag
Nessun Tag, puoi essere il primo ad aggiungerne!!

MARC

LEADER 00000nam a22000007a 4500
008 150205s1993 rd ||||| |||| 00| 0 spa d
022 |a 2310-0680  
040 |a CRU CIICLA 
245 1 0 |a Ecos 
246 2 0 |5 Ecos (Santo Domingo) 
260 |a Santo Domingo, República Dominicana:  |b Órgano del Instituto de Historia de la Universidad Autónoma de Santo Domingo,  |c 1993- 
300 |a volúmenes 
942 |2 ddc  |c CR 
999 |c 3845  |d 3845